| 000 | 00446nam a2200181Ia 4500 | ||
|---|---|---|---|
| 005 | 20250423101708.0 | ||
| 008 | 250422s9999 xx 000 0 und d | ||
| 020 | _a0- 921149- 64- 6 | ||
| 050 | _aR 724 .T48/ | ||
| 100 | _aJohn E. Thomas | ||
| 245 | 0 | _aWell and good: case studies in biomedical ethics | |
| 250 | _a2nd | ||
| 260 | _bBroadview press | ||
| 260 | _c1990 | ||
| 300 | _a218 p | ||
| 650 | _aMedical ethics- cases | ||
| 942 | _cBK | ||
| 999 |
_c37006 _d37006 |
||